Япония и Африка: экономические и политические отношения

Podrobná bibliografie
Hlavní autor: Волкова И. В. Ирина Васильевна
Jazyk:ruština
Vydáno: Москва, Мысль, 1981
Témata:
Médium: Kniha
KOHA link:https://koha.lib.tpu.ru/cgi-bin/koha/opac-detail.pl?biblionumber=90369

MARC

LEADER 00000nam0a2200000 4500
001 90369
005 20231031103452.0
035 |a (RuTPU)RU\TPU\book\96908 
090 |a 90369 
100 |a 20060208d1981 m y0rusy50 ca 
101 0 |a rus 
102 |a RU 
105 |a y z 001zy 
200 1 |a Япония и Африка  |e экономические и политические отношения  |f И. В. Волкова 
210 |a Москва  |c Мысль  |d 1981 
215 |a 203 с. 
320 |a Библиогр.: с. 192-202. 
610 1 |a Япония 
610 1 |a Африка 
610 1 |a неоколониализм 
610 1 |a развивающиеся страны 
610 1 |a экономика 
610 1 |a политика 
686 |a У9(5Я)  |v LBC/SL-A  |2 rubbk 
686 |a У9(6)  |v LBC/SL-A  |2 rubbk 
700 1 |a Волкова  |b И. В.  |g Ирина Васильевна 
801 1 |a RU  |b 63413507  |c 20060208  |g PSBO 
801 2 |a RU  |b 63413507  |c 20060706  |g PSBO 
942 |c BK